March's advanced organic chemistry : (Record no. 198550)
[ view plain ]
| 000 -LEADER | |
|---|---|
| fixed length control field | 00699 a2200241 4500 |
| 003 - CONTROL NUMBER IDENTIFIER | |
| control field | Nust |
| 005 - DATE AND TIME OF LATEST TRANSACTION | |
| control field | 20170207154600.0 |
| 020 ## - INTERNATIONAL STANDARD BOOK NUMBER | |
| International Standard Book Number | 0-471-72091-7 (inb.) |
| 020 ## - INTERNATIONAL STANDARD BOOK NUMBER | |
| International Standard Book Number | 978-0-471-72091-1 (inb.) |
| 035 ## - SYSTEM CONTROL NUMBER | |
| System control number | (BOKR)9780471720911 |
| 040 ## - CATALOGING SOURCE | |
| Transcribing agency | Nust |
| 082 04 - DEWEY DECIMAL CLASSIFICATION NUMBER | |
| Classification number | 547 |
| 100 1# - MAIN ENTRY--PERSONAL NAME | |
| Personal name | Smith, Michael, |
| 245 10 - TITLE STATEMENT | |
| Title | March's advanced organic chemistry : |
| Remainder of title | reactions, mechanisms, and structure / |
| Statement of responsibility, etc. | Michael B. Smith, Jerry March |
| 246 10 - VARYING FORM OF TITLE | |
| Title proper/short title | Advanced organic chemistry. |
| 250 ## - EDITION STATEMENT | |
| Edition statement | 6. ed. |
| 260 ## - PUBLICATION, DISTRIBUTION, ETC. | |
| Place of publication, distribution, etc. | Hoboken, N.J. : |
| Name of publisher, distributor, etc. | Wiley, |
| Date of publication, distribution, etc. | cop. 2007 |
| 300 ## - PHYSICAL DESCRIPTION | |
| Extent | xx, 2357 s. : |
| Other physical details | ill. |
| 650 #0 - SUBJECT ADDED ENTRY--TOPICAL TERM | |
| Topical term or geographic name entry element | Chemistry, Organic |
| 650 #0 - SUBJECT ADDED ENTRY--TOPICAL TERM | |
| Topical term or geographic name entry element | Chemistry, Organic |
| 650 #0 - SUBJECT ADDED ENTRY--TOPICAL TERM | |
| Topical term or geographic name entry element | Organisk kemi |
| 700 1# - ADDED ENTRY--PERSONAL NAME | |
| Personal name | March, Jerry, |
| Dates associated with a name | 1929- |
| 942 ## - ADDED ENTRY ELEMENTS (KOHA) | |
| Source of classification or shelving scheme | |
| Koha item type | Book |
| Withdrawn status | Lost status | Source of classification or shelving scheme | Damaged status | Not for loan | Collection code | Permanent Location | Current Location | Date acquired | Total Checkouts | Full call number | Barcode | Date last seen | Price effective from | Koha item type |
|---|---|---|---|---|---|---|---|---|---|---|---|---|---|---|
| Military College of Signals (MCS) | Military College of Signals (MCS) | 12/12/2016 | 547 SMI | MCSEB-1844 | 12/08/2016 | 12/12/2016 | Book |
